000 00862nas a2200289 4500
001 BR0901002
003 BR-BrBNA
005 20231205113124.0
007 ta
008 230509b bl.|||p| |||| 00| 00por d
040 _aBR-BrBNA
_bpor
_cBiblioteca Nacional de Agricultura
041 _a(Pt)
072 _aH60
100 1 _aCorreia, N.M.
100 1 _aDurigan, J.C.
100 1 _aKlink, U.P.
245 1 _aInfluência do tipo e da quantidade de resíduos vegetais na emergência de plantas daninhas
650 _aERVA DANINHA
650 _aBRACHIARIA BRIZANTHA
650 _aSOLO
650 _aPENNISETUM AMERICANUM
650 _aSORGHUM BICOLOR
650 _aSORGHUM SUDANENSE
773 0 _tPlanta Daninha (Brazil)
_xISSN 0100-8358
_g(2006), v. 24(2) p. 245-253
_wBR0901002
909 _a202311
_bLúcia
_c55
_dLúcia Elande
942 _2AGRIS
_n0
_cANA
999 _c201971
_d201971